[Event "Vellmar Int 4th op  A"]
[Site "Vellmar"]
[Date "2012.07.27"]
[Round "3.15"]
[White "Stuckenschneider, Martin"]
[Black "Berthold, Andreas"]
[Result "0-1"]
[WhiteElo "1965"]
[BlackElo "2150"]
[PlyCount "56"]
[EventDate "2012.07.26"]
[EventType "swiss"]
[EventRounds "7"]
[EventCountry "GER"]

{DWZ: 1761 - 2085} 1. d4 Nf6 2. c4 e6 3. Nc3 d5 4. Bg5 c6 5. e3 Nbd7 6. Nf3 Qa5
7. Nd2 Bb4 8. Qc2 Ne4 9. Ndxe4 dxe4 10. Bf4 O-O 11. Be2 e5 12. Bg3 exd4 13.
exd4 f5 14. Bf4 Nb6 15. O-O Be6 16. Nd1 Nd7 17. Ne3 Nf6 18. c5 Qd8 19. Nxf5
Bxf5 20. Qc4+ Nd5 21. Qb3 Rf7 22. Bc4 Ba5 23. Qg3 Rc8 24. f3 Bc7 25. fxe4 Bxe4
26. Be5 Bxe5 27. Qxe5 Re7 28. Qg5 Re6 0-1

[Event "Vellmar Int 4th op  A"]
[Site "Vellmar"]
[Date "2012.07.27"]
[Round "3.16"]
[White "Rueggeberg, Jan"]
[Black "Khudovekov, Stanislav"]
[Result "0-1"]
[WhiteElo "1874"]
[BlackElo "2107"]
[PlyCount "86"]
[EventDate "2012.07.26"]
[EventType "swiss"]
[EventRounds "7"]
[EventCountry "GER"]

{DWZ: 1791 - -(RUS)} 1. c4 f5 2. g4 {(=)} fxg4 3. Bg2 Nf6 4. Qb3 Nc6 5. h3 e5
6. hxg4 Nxg4 7. Be4 Qf6 8. Qg3 Bc5 9. e3 Nh6 10. Nc3 d6 11. Nd5 Qf7 12. Nf3 Bf5
13. Ng5 {(=)} Qd7 14. Rxh6 Bxe4 15. Nxe4 O-O-O 16. Rh2 Kb8 17. a3 a5 18. Rb1 a4
19. Rg2 g6 20. b4 axb3 21. Rxb3 Na5 22. Rc3 Ba7 23. Ke2 c6 24. Ndf6 Qe7 25. Qg5
d5 26. cxd5 cxd5 27. Ng3 d4 28. Rd3 dxe3 29. fxe3 Rxd3 30. Kxd3 Rd8+ 31. Ke4
Nc4 32. Rf2 Nd6+ 33. Kf3 Nf7 34. Qh4 g5 35. Qxh7 Qxf6+ 36. Kg2 Qc6+ 37. Ne4 Nd6
38. d3 Nxe4 39. Qxe4 Qxc1 40. Qxe5+ Ka8 41. Qxg5 Rh8 42. Qg7 Qh1+ 43. Kg3 Bb8+
0-1

[Event "Vellmar Int 4th op  A"]
[Site "Vellmar"]
[Date "2012.07.27"]
[Round "3.17"]
[White "Humburg, Philipp"]
[Black "Haselhorst, Helmut"]
[Result "1/2-1/2"]
[WhiteElo "1839"]
[BlackElo "2089"]
[PlyCount "111"]
[EventDate "2012.07.26"]
[EventType "swiss"]
[EventRounds "7"]
[EventCountry "GER"]

{DWZ: 1841(geb.1996) - 1985(geb.1948)} 1. e4 Nf6 2. e5 Nd5 3. c4 Nb6 4. d4 d6
5. exd6 exd6 6. Nc3 Be7 7. Be3 O-O 8. h3 Bg5 9. Nf3 Bxe3 10. fxe3 Re8 11. Kf2
Nc6 12. Bd3 Ne7 13. Qc2 Ng6 14. Rhf1 Be6 15. b3 d5 16. c5 Nc8 17. Kg1 c6 18. b4
a6 19. a4 Nf8 20. b5 axb5 21. axb5 Ne7 22. Na4 Neg6 23. Nb6 Rxa1 24. Rxa1 Nh4
25. Nxh4 Qxh4 26. Qf2 Ng6 {(=)} 27. Ra7 Qg5 28. Rxb7 Nh4 29. Qe2 Bxh3 30. Qf2
f6 31. Kh2 Bxg2 32. Qg3 Qh6 33. Rxg7+ Qxg7 34. Qxh4 Be4 35. Bf1 cxb5 36. c6 b4
37. Nd7 Re6 38. Qf4 Rxc6 39. Qb8+ Kf7 40. Nc5 Qh6+ 41. Bh3 Qxe3 42. Bg2 Rxc5
43. Qa7+ Kg6 44. Bxe4+ dxe4 45. dxc5 b3 46. Qe7 b2 47. Qe8+ Kf5 48. Qh5+ Ke6
49. Qe8+ {(=)} Kd5 50. Qf7+ Ke5 51. Qe7+ Kf5 52. Qxh7+ Kg4 53. Qg7+ Qg5 54.
Qd7+ Kf3 55. Qd1+ Ke3 56. Qb3+ 1/2-1/2

[Event "Vellmar Int 4th op  A"]
[Site "Vellmar"]
[Date "2012.07.27"]
[Round "3.18"]
[White "Von Kiedrowski, Klemens"]
[Black "Heckmann, Torsten"]
[Result "1-0"]
[WhiteElo "2076"]
[BlackElo "1929"]
[PlyCount "47"]
[EventDate "2012.07.26"]
[EventType "swiss"]
[EventRounds "7"]
[EventCountry "GER"]

{DWZ: 1935 - 1702} 1. d4 Nf6 2. Nc3 d5 3. Bg5 c6 4. Qd2 Bf5 5. f3 Nbd7 6. O-O-O
Qa5 7. e4 dxe4 8. fxe4 Bg4 9. Be2 Bxe2 10. Ngxe2 e6 11. Rhf1 Bb4 12. Qf4 O-O
13. a3 Bd6 14. e5 Bc7 15. Qf2 Nd5 16. Nxd5 cxd5 17. Be7 Bd8 18. Bxf8 Bg5+ 19.
Kb1 Rxf8 20. Rd3 Qc7 21. Qg3 Bh6 22. Qh4 Rc8 23. Rc3 Qb8 24. Qe7 1-0

[Event "Vellmar Int 4th op  A"]
[Site "Vellmar"]
[Date "2012.07.27"]
[Round "3.20"]
[White "Schnegelsberg, Karl Heinz"]
[Black "Weber, Andreas"]
[Result "1-0"]
[WhiteElo "2042"]
[BlackElo "1881"]
[PlyCount "87"]
[EventDate "2012.07.26"]
[EventType "swiss"]
[EventRounds "7"]
[EventCountry "GER"]

{DWZ: 1941 - 1714} 1. Nf3 Nf6 2. g3 g6 3. Bg2 Bg7 4. O-O O-O 5. d3 d5 6. Nbd2
c6 7. e4 Bg4 8. h3 Bd7 9. Re1 Qc8 10. Kh2 e6 11. Nf1 Nh5 12. e5 Bh8 13. Bh6 Rd8
14. Qd2 f5 15. g4 Ng7 16. Ng3 fxg4 17. hxg4 Rf8 18. Nh4 c5 19. f4 Qd8 20. Bg5
Qb6 21. c3 Nc6 22. Bh6 Qd8 23. Bh3 b5 24. Bg5 Qc7 25. Bf6 a5 26. Bg2 Ne8 27.
Bg5 Rb8 28. d4 c4 29. f5 Nxe5 30. dxe5 Bxe5 31. Rxe5 Qxe5 32. Re1 Qg7 33. fxe6
Bc6 34. Nf3 Nf6 35. Ne5 Be8 36. Qd4 h6 37. Bd2 Ne4 38. Nxe4 dxe4 39. Bxe4 Qe7
40. Kg3 Rd8 41. Bd5 Bc6 42. Nxc6 Qd6+ 43. Bf4 Qxd5 44. Ne7+ 1-0

[Event "Vellmar Int 4th op  A"]
[Site "Vellmar"]
[Date "2012.07.27"]
[Round "3.21"]
[White "Schirra, Maurice"]
[Black "Kobs, Stephan"]
[Result "0-1"]
[WhiteElo "1617"]
[BlackElo "2035"]
[PlyCount "118"]
[EventDate "2012.07.26"]
[EventType "swiss"]
[EventRounds "7"]
[EventCountry "GER"]

{DWZ: 1603(geb.2001) - 1898} 1. e4 c5 2. Nc3 Nc6 3. Bb5 Nd4 4. Bc4 e6 5. Nf3 g6
6. d3 Bg7 7. Nxd4 cxd4 8. Ne2 b5 9. Bb3 Ne7 10. f4 Bb7 11. O-O f5 12. e5 Qb6
13. Qe1 Nc6 14. Ng3 Na5 15. Bd2 Nxb3 16. axb3 Qc6 17. Qe2 Qxc2 18. Ra3 Bf8 19.
b4 Qxb2 20. Rfa1 a6 21. R3a2 Qb3 22. Ra3 Qd5 23. Qf3 Qxf3 24. gxf3 Rc8 25. R1a2
Be7 26. Kg2 Bd8 27. Rb2 Bb6 28. Raa2 Ke7 29. Rc2 d6 30. Kf2 Bc7 31. exd6+ Bxd6
32. Ne2 e5 33. fxe5 Bxe5 34. Bf4 Bxf4 35. Nxf4 Kd6 36. Ng2 Rhe8 37. h4 Rxc2+
38. Rxc2 Rc8 39. Rxc8 Bxc8 40. f4 a5 41. Ke2 axb4 42. Kd2 b3 43. Kc1 Kc5 44.
Kb2 Bb7 45. Ne1 Kb4 46. Kb1 Kc3 47. Kc1 Ba8 48. Kb1 Kd2 49. Kb2 Bd5 50. Ka3
Kxe1 51. Kb4 b2 52. Kc5 Bh1 53. Kd6 b1=Q 54. Ke5 Qxd3 55. Kf6 Qe4 56. Kg5 d3
57. h5 gxh5 58. Kxh5 Qg2 59. Kh6 Qg6# 0-1

[Event "Vellmar Int 4th op  A"]
[Site "Vellmar"]
[Date "2012.07.27"]
[Round "3.22"]
[White "Hagenlueke, Thomas"]
[Black "Sieber, Fiona"]
[Result "1-0"]
[WhiteElo "2023"]
[BlackElo "1781"]
[PlyCount "97"]
[EventDate "2012.07.26"]
[EventType "swiss"]
[EventRounds "7"]
[EventCountry "GER"]

{DWZ: 1858 - 1816(geb.2000)} 1. d4 Nf6 2. c4 e6 3. Nc3 Bb4 4. Qc2 O-O 5. Bg5 d5
6. a3 Bxc3+ 7. Qxc3 Nbd7 8. e3 Qe8 9. f3 c5 10. dxc5 e5 11. cxd5 Nxd5 12. Qc4
N7f6 13. e4 Nf4 14. Bxf6 gxf6 15. g3 Ne6 16. Ne2 Qc6 17. Rc1 Ng5 18. Bg2 Be6
19. Qc2 Nh3 20. Bxh3 Bxh3 21. Kf2 Be6 22. Rhd1 Rac8 23. Rd6 Qxd6 24. cxd6 Rxc2
25. Rxc2 Rc8 26. Rxc8+ Bxc8 27. Nc3 f5 28. Nd5 Kg7 29. Ne7 Bd7 30. exf5 f6 31.
Ke3 Kf7 32. b3 Ke8 33. g4 Kf7 34. h4 h6 35. Ke4 Kf8 36. Kd5 Kf7 37. Kc5 Kf8 38.
b4 Kf7 39. b5 Kf8 40. a4 Kf7 41. a5 Kf8 42. a6 b6+ 43. Kb4 Kf7 44. Nd5 Bc8 45.
Ne7 Bd7 46. Nc6 Ke8 47. Nxa7 Kf7 48. Nc6 Bc8 49. Ne7 1-0

[Event "Vellmar Int 4th op  A"]
[Site "Vellmar"]
[Date "2012.07.27"]
[Round "3.23"]
[White "Schuhmacher, Jakob"]
[Black "Hansen, Victor"]
[Result "0-1"]
[WhiteElo "1945"]
[BlackElo "2112"]
[PlyCount "138"]
[EventDate "2012.07.26"]
[EventType "swiss"]
[EventRounds "7"]
[EventCountry "GER"]

{DWZ: 1984(geb.1997) - 2099(NOR)} 1. d4 d5 2. c4 c6 3. Nf3 Nf6 4. e3 g6 5. Nc3
Bg7 6. Be2 Bg4 7. h3 Bxf3 8. gxf3 O-O 9. f4 e6 10. b3 Re8 11. c5 b6 12. Na4
Nbd7 13. Qc2 bxc5 14. Nxc5 Nxc5 15. Qxc5 Qb6 16. Qxb6 axb6 17. Bb2 Ne4 18. a4
c5 19. Bb5 Rec8 20. f3 Ng3 21. Rh2 cxd4 22. exd4 Bh6 23. Rc1 Bxf4 24. Rxc8+
Rxc8 25. Bd3 Ne4 26. Rc2 Rxc2 27. Bxc2 Ng5 28. Ke2 Nxh3 29. b4 Bc7 30. Bc3 Kf8
31. a5 Nf4+ 32. Kf1 Ke7 33. a6 Bb8 34. b5 Kd7 35. Bd2 Nh5 36. Kg2 f6 37. Bd3
Ng7 38. Bf4 Ba7 39. Bc2 Ne8 40. Bd3 Nd6 41. Bxd6 Kxd6 42. Kf2 e5 43. Ke3 Ke6
44. Bc2 Bb8 45. Bd3 Kf7 46. Bc2 h5 47. Bb3 Ke6 48. Bc2 g5 49. dxe5 Kxe5 50. Bg6
h4 51. Bh5 d4+ 52. Kf2 Kf4 53. Bg6 f5 54. Bf7 h3 55. Bc4 h2 56. Kg2 Ke3 57. f4
Kxf4 58. Kxh2 Ke3+ 59. Kg2 d3 60. Bb3 Ke2 61. Be6 f4 62. Bg4+ Ke1 63. Kf3 d2
64. Ke4 d1=Q 65. Bxd1 Kxd1 66. Kd5 f3 67. Kc6 f2 68. Kb7 Be5 69. a7 f1=Q 0-1

[Event "Vellmar Int 4th op  A"]
[Site "Vellmar"]
[Date "2012.07.27"]
[Round "3.24"]
[White "Wuestehube, Harry"]
[Black "Giese, Tilman"]
[Result "0-1"]
[WhiteElo "1934"]
[BlackElo "2067"]
[PlyCount "119"]
[EventDate "2012.07.26"]
[EventType "swiss"]
[EventRounds "7"]
[EventCountry "GER"]

{DWZ: 1883 - 1987} 1. e4 c5 2. Nc3 d6 3. f4 Nc6 4. Nf3 g6 5. Bb5 Bd7 6. O-O Bg7
7. d3 e6 8. Qe1 Nge7 9. Bd2 O-O 10. Qh4 a6 11. Bxc6 Nxc6 12. Qg3 Qc7 13. Rae1
Nd4 14. Rc1 Qa5 15. Qe1 b5 16. e5 Nxf3+ 17. Rxf3 Bc6 18. Rh3 b4 19. Ne4 Bxe4
20. Qxe4 Qxa2 21. b3 Qb2 22. exd6 Rfd8 23. Qe1 Rxd6 24. g4 f5 25. g5 Ra7 26.
Be3 Rd5 27. Qf2 e5 28. Re1 exf4 29. Bxf4 Bd4 30. Be3 Re5 31. Bxd4 Rxe1+ 32.
Qxe1 Qxd4+ 33. Kg2 Rf7 34. Qe8+ Rf8 35. Qe6+ Kh8 36. Qe7 Qd5+ 37. Kg1 Rf7 38.
Qe8+ Kg7 39. Re3 f4 40. Qe5+ Qxe5 41. Rxe5 Rf5 42. Rxf5 gxf5 43. Kf2 Kg6 44. h4
Kh5 45. Kf3 Kxh4 46. Kxf4 a5 47. Kxf5 Kg3 48. Ke5 Kg4 49. Kd5 Kxg5 50. Kxc5 Kf6
51. Kd4 Kf5 52. Ke3 Ke5 53. Kf3 Kd4 54. Kf4 Kc3 55. Kf3 Kxc2 56. d4 a4 57. d5
axb3 58. d6 b2 59. d7 b1=Q 60. d8=Q 0-1

[Event "Vellmar Int 4th op  A"]
[Site "Vellmar"]
[Date "2012.07.27"]
[Round "3.25"]
[White "Lechnauer, Uwe"]
[Black "Ziegenfuss, Holger"]
[Result "1-0"]
[WhiteElo "1939"]
[BlackElo "2021"]
[PlyCount "77"]
[EventDate "2012.07.26"]
[EventType "swiss"]
[EventRounds "7"]
[EventCountry "GER"]

{DWZ: 1839 - 1942} 1. e4 c5 2. Nf3 Nc6 3. d4 cxd4 4. c3 g6 5. cxd4 d5 6. e5 Bg4
7. Be2 e6 8. O-O Bg7 9. Be3 Bxf3 10. Bxf3 f6 11. Qb3 fxe5 12. Qxb7 Nge7 13. Bg5
O-O 14. Bg4 Qd6 15. Nc3 a6 16. Qb3 Nxd4 17. Qd1 Nec6 18. Rc1 e4 19. Be3 Be5 20.
h3 h5 21. Be2 Nf5 22. Nxe4 Qc7 23. Ng5 Nxe3 24. fxe3 Qd7 25. Bf3 Ne7 26. Qd3
Rf5 27. Ne4 Kg7 28. g4 Rff8 29. gxh5 Rh8 30. Rf2 Nf5 31. Bg4 Qe7 32. Nc5 Rac8
33. b4 a5 34. a3 axb4 35. axb4 Rb8 36. hxg6 Rxb4 37. Bxf5 exf5 38. Qxf5 Bf6 39.
Ne6+ 1-0

[Event "Vellmar Int 4th op  A"]
[Site "Vellmar"]
[Date "2012.07.27"]
[Round "3.26"]
[White "Knoth, Eugen"]
[Black "Scholz, Robert"]
[Result "0-1"]
[WhiteElo "2019"]
[BlackElo "1856"]
[PlyCount "64"]
[EventDate "2012.07.26"]
[EventType "swiss"]
[EventRounds "7"]
[EventCountry "GER"]

{DWZ: 1854 - 1819(geb.1999)} 1. b3 Nf6 2. Bb2 d5 3. e3 Bf5 4. Nf3 e6 5. c4 Bd6
6. Nc3 Nbd7 7. Be2 c6 8. O-O O-O 9. d4 Rc8 10. Bd3 Bg6 11. Bxg6 hxg6 12. cxd5
exd5 13. Rc1 Re8 14. h3 Qe7 15. Ne1 Bb8 16. Nf3 Qd6 17. Re1 Ne4 18. Kf1 Bc7 19.
Nxe4 dxe4 20. Ng1 Nf6 21. g3 Nd5 22. Kg2 Re6 23. Ne2 g5 24. Rf1 f5 25. Qe1 f4
26. Nc3 f3+ 27. Kh2 Rh6 28. Rh1 Rxh3+ 29. Kxh3 Qh6+ 30. Kg4 Qe6+ 31. Kxg5 Bd8+
32. Kh5 Qf5# 0-1

[Event "Vellmar Int 4th op  A"]
[Site "Vellmar"]
[Date "2012.07.27"]
[Round "3.27"]
[White "Krausse, Eckhard"]
[Black "Schaefer, Annabelle"]
[Result "0-1"]
[WhiteElo "2008"]
[BlackElo "1860"]
[PlyCount "76"]
[EventDate "2012.07.26"]
[EventType "swiss"]
[EventRounds "7"]
[EventCountry "GER"]

{DWZ: 1961 - 1850(geb.1997)} 1. e4 e5 2. Nf3 Nc6 3. d4 exd4 4. Nxd4 Bb4+ 5. c3
Bc5 6. Be3 Bb6 7. Nd2 Nf6 8. Bc4 Nxd4 9. cxd4 d5 10. exd5 Nxd5 11. Qh5 Be6 12.
O-O Qd7 13. Bg5 Bxd4 14. Rfe1 O-O 15. Ne4 b6 16. Rad1 c5 17. Nc3 Nxc3 18. bxc3
Bxc4 19. cxd4 cxd4 20. Re4 Rae8 21. Rh4 Bd3 22. h3 Bg6 23. Qf3 d3 24. Be3 Qe6
25. Rd4 Qxa2 26. Rd7 Rd8 27. Rc7 Qe2 28. Rxa7 Qxf3 29. gxf3 b5 30. Bf4 Rd5 31.
Rb7 h6 32. Bd2 Bh5 33. Rb1 Bxf3 34. R1xb5 Rfd8 35. Rxd5 Rxd5 36. Rb8+ Kh7 37.
-- {Notation unklar} Rd6 38. Kh2 Rg6 0-1

[Event "Vellmar Int 4th op  A"]
[Site "Vellmar"]
[Date "2012.07.27"]
[Round "3.28"]
[White "Powalla, Christian"]
[Black "Klueting, Reiner"]
[Result "0-1"]
[WhiteElo "1784"]
[BlackElo "2005"]
[PlyCount "56"]
[EventDate "2012.07.26"]
[EventType "swiss"]
[EventRounds "7"]
[EventCountry "GER"]

{DWZ: 1587 - 1906} 1. e4 d5 2. exd5 Nf6 3. Nc3 Nxd5 4. Bc4 e6 5. Nge2 c6 6. O-O
Be7 7. d4 Nd7 8. Ne4 O-O 9. c3 e5 10. Qb3 exd4 11. Nxd4 Ne5 12. Bxd5 Qxd5 13.
Qxd5 cxd5 14. Ng3 Bc5 15. Be3 Nc4 16. b3 Nxe3 17. fxe3 Bd7 18. Rad1 Rae8 19.
Rfe1 g6 20. Kh1 Re7 21. Nc2 Bc6 22. Rd2 Rfe8 23. Rde2 Bb5 24. Rd2 Bxe3 25. Nxe3
Rxe3 26. Rxe3 Rxe3 27. Kg1 Rxc3 28. Rxd5 Rc1+ 0-1

[Event "Vellmar Int 4th op  A"]
[Site "Vellmar"]
[Date "2012.07.27"]
[Round "3.30"]
[White "Braun, Ingram"]
[Black "Hefner, Felix"]
[Result "1/2-1/2"]
[WhiteElo "1957"]
[BlackElo "1847"]
[PlyCount "43"]
[EventDate "2012.07.26"]
[EventType "swiss"]
[EventRounds "7"]
[EventCountry "GER"]

{DWZ: 1956 - 1740} 1. e4 e5 2. Nc3 Nf6 3. g3 Nc6 4. Bg2 Bc5 5. Nge2 O-O 6. O-O
a5 7. h3 Nd4 8. d3 c6 9. Kh2 d5 10. exd5 cxd5 11. f4 Nxe2 12. Qxe2 exf4 13.
Bxf4 Ra6 14. Qf3 Re6 15. Rae1 Rfe8 16. Rxe6 Rxe6 17. Bg5 Bd4 18. Bxf6 Rxf6 19.
Qxd5 Qxd5 20. Nxd5 Rxf1 21. Bxf1 Be6 22. Bg2 1/2-1/2

[Event "Vellmar Int 4th op  A"]
[Site "Vellmar"]
[Date "2012.07.27"]
[Round "3.31"]
[White "Calci, Fiorino"]
[Black "Kanter, Leonid"]
[Result "1/2-1/2"]
[WhiteElo "2033"]
[BlackElo "1949"]
[PlyCount "100"]
[EventDate "2012.07.26"]
[EventType "swiss"]
[EventRounds "7"]
[EventCountry "GER"]

{DWZ: 1811 - 1857} 1. d4 e6 2. Nf3 d5 3. Nbd2 Nf6 4. e3 Be7 5. Bd3 Nbd7 6. O-O
O-O 7. Re1 b6 8. e4 dxe4 9. Nxe4 Bb7 10. Ng3 c5 11. c3 cxd4 12. Nxd4 Nc5 13.
Bc2 Qd5 14. f3 Bd6 15. Be3 Ng4 16. Nb5 Bxg3 17. hxg3 Nxe3 18. Rxe3 Qg5 19. f4
Qh6 20. Re1 Rfd8 21. Qe2 e5 22. Rad1 e4 23. b4 Nd3 24. Bxd3 exd3 25. Rxd3 Qc6
26. Rxd8+ Rxd8 27. Nd4 Qd7 28. Qe7 h6 29. Qxd7 Rxd7 30. Kf2 Kf8 31. g4 Re7 32.
Rxe7 Kxe7 33. Nf5+ Kf6 34. g3 Bc8 35. Ne3 Ke6 36. Ke2 g6 37. Kd3 Bb7 38. Kd4
Bf3 39. c4 Kd6 40. a4 a5 41. bxa5 bxa5 42. c5+ Kc7 43. g5 hxg5 44. fxg5 Bc6 45.
Nc4 Bxa4 46. Nxa5 Bd7 47. c6 Bxc6 48. Ke5 Bd7 49. Nc4 Be6 50. Nd6 Kd7 1/2-1/2

[Event "Vellmar Int 4th op  A"]
[Site "Vellmar"]
[Date "2012.07.27"]
[Round "3.32"]
[White "Rolf, Marco"]
[Black "Kaplunov, Vadym"]
[Result "0-1"]
[WhiteElo "1888"]
[BlackElo "1985"]
[PlyCount "88"]
[EventDate "2012.07.26"]
[EventType "swiss"]
[EventRounds "7"]
[EventCountry "GER"]

{DWZ: 1794 - 1936(geb.1936)} 1. d4 Nf6 2. c4 e6 3. Nc3 Bb4 4. Qc2 d5 5. a3 Be7
6. e3 O-O 7. Nf3 c6 8. Bd3 h6 9. O-O Nbd7 10. e4 dxe4 11. Nxe4 Nxe4 12. Bxe4
Nf6 13. Bd3 c5 14. dxc5 Bxc5 15. b4 Be7 16. Bb2 b6 17. Rfd1 Qe8 18. Rd2 Bb7 19.
Ne5 Rc8 20. Rad1 b5 21. Qb3 {(=)} bxc4 22. Bxc4 Nd5 23. Ng4 Bg5 24. Rd4 Qe7 25.
h4 Bxh4 26. g3 Bg5 27. f4 Bf6 28. Nxf6+ Nxf6 29. Qc3 Ba8 30. Rd7 Qe8 31. R7d6
Rc7 32. Qd3 Be4 33. Qd4 Qa8 34. Rd2 Bg6 35. Re2 Rfc8 36. Bb3 Qb7 37. g4 Rd7 38.
Rexe6 Rxd6 39. Rxd6 {(=)} Qe4 40. Rd8+ Rxd8 41. Qxd8+ Kh7 42. Qd4 Qe1+ 43. Kh2
Qh4+ 44. Kg1 Qg3+ 0-1

[Event "Vellmar Int 4th op  A"]
[Site "Vellmar"]
[Date "2012.07.27"]
[Round "3.33"]
[White "Fichte, Wolfgang"]
[Black "Diener, Carolin"]
[Result "1-0"]
[WhiteElo "1958"]
[BlackElo "1739"]
[PlyCount "77"]
[EventDate "2012.07.26"]
[EventType "swiss"]
[EventRounds "7"]
[EventCountry "GER"]

{DWZ: 1828(geb.1951) - 1659(geb.2000)} 1. b4 e6 2. Bb2 Nf6 3. b5 d5 4. e3 Bd6
5. Nf3 Qe7 6. d4 c6 7. a4 O-O 8. Be2 h6 9. O-O Qc7 10. Nbd2 Nbd7 11. c4 Rb8 12.
Qb3 Re8 13. Rfc1 Qd8 14. Ne5 Bxe5 15. dxe5 Nh7 16. f4 Nhf8 17. Ba3 Ng6 18. Bd6
Ra8 19. Nf3 Ne7 20. a5 Nf8 21. Nd4 Bd7 22. a6 bxa6 23. Rxa6 Bc8 24. Nxc6 Nxc6
25. Rxc6 Bb7 26. Rc7 dxc4 27. Bxc4 Be4 28. Ra1 Nd7 29. Qb4 Nb6 30. Raxa7 Rxa7
31. Rxa7 Nc8 32. Rc7 Nb6 33. Ra7 Qc8 34. Bf1 Nd5 35. Qxe4 Nc3 36. Qc6 Qxc6 37.
bxc6 Nd5 38. c7 Nxe3 39. Ba6 1-0

[Event "Vellmar Int 4th op  A"]
[Site "Vellmar"]
[Date "2012.07.27"]
[Round "3.34"]
[White "Lehmann, Tornalf"]
[Black "Mueller, Joachim"]
[Result "0-1"]
[WhiteElo "1653"]
[BlackElo "1956"]
[PlyCount "48"]
[EventDate "2012.07.26"]
[EventType "swiss"]
[EventRounds "7"]
[EventCountry "GER"]

{DWZ: 1501 - 1674} 1. e4 c5 2. d4 cxd4 3. c3 e6 4. cxd4 Bb4+ 5. Nc3 Nc6 6. Nf3
Nf6 7. Bd3 d5 8. Bg5 Qa5 9. Bxf6 Bxc3+ 10. bxc3 Qxc3+ 11. Kf1 gxf6 12. exd5
exd5 13. Rc1 Qb2 14. Rc2 Qb4 15. h3 Be6 16. g4 O-O-O 17. Kg2 h5 18. Nd2 hxg4
19. hxg4 Rxh1 20. Kxh1 Qxd4 21. Nb3 Rh8+ 22. Kg2 Qf4 23. Rxc6+ bxc6 24. Be2
Rh2+ 0-1

[Event "Vellmar Int 4th op  A"]
[Site "Vellmar"]
[Date "2012.07.28"]
[Round "4.1"]
[White "Meyner, Hannes"]
[Black "Schneider, Ilja"]
[Result "1/2-1/2"]
[WhiteElo "2217"]
[BlackElo "2490"]
[PlyCount "20"]
[EventDate "2012.07.26"]
[EventType "swiss"]
[EventRounds "7"]
[EventCountry "GER"]

{DWZ: 2098 - 2469(IM)} 1. d4 d5 2. c4 c6 3. e3 Nf6 4. Nc3 a6 5. Qc2 e6 6. Nf3
c5 7. cxd5 exd5 8. Be2 Be6 9. O-O Nc6 10. Rd1 cxd4 1/2-1/2

[Event "Vellmar Int 4th op  A"]
[Site "Vellmar"]
[Date "2012.07.28"]
[Round "4.2"]
[White "Baciu, Diana"]
[Black "Gutman, Lev"]
[Result "0-1"]
[WhiteElo "2211"]
[BlackElo "2450"]
[PlyCount "78"]
[EventDate "2012.07.26"]
[EventType "swiss"]
[EventRounds "7"]
[EventCountry "GER"]

{DWZ:  - (WFM;MDA;geb.1994) - 2435(GM,geb.1945)} 1. e4 c5 2. Nf3 d6 3. d4 cxd4
4. Qxd4 Bd7 5. c4 Nc6 6. Qd2 Nf6 7. Nc3 g6 8. b3 Bg7 9. Bb2 O-O 10. Be2 Qa5 11.
Rb1 a6 12. a3 Bg4 13. O-O Rac8 14. h3 Bxf3 15. Bxf3 b5 16. b4 Qb6 17. cxb5 axb5
18. Be2 Ne5 19. Nd5 Nxd5 20. Qxd5 Nc4 21. Bxg7 Kxg7 22. Bxc4 Rxc4 23. Rfc1 Rfc8
24. Rxc4 Rxc4 25. Rd1 f6 26. Qa8 Rc2 27. Rf1 Ra2 28. Qe8 Qb7 29. e5 dxe5 30.
Rd1 Qa7 31. Rf1 Rxa3 32. Qxb5 Qd4 33. Qb7 Ra7 34. Qb8 Ra4 35. b5 Rb4 36. Qe8
Qc5 37. Rd1 Rb2 38. Kh2 e4 39. Rd7 Qe5+ 0-1

[Event "Vellmar Int 4th op  A"]
[Site "Vellmar"]
[Date "2012.07.28"]
[Round "4.3"]
[White "Markgraf, Alexander"]
[Black "Hahn, Markus"]
[Result "1-0"]
[WhiteElo "2489"]
[BlackElo "2146"]
[PlyCount "57"]
[EventDate "2012.07.26"]
[EventType "swiss"]
[EventRounds "7"]
[EventCountry "GER"]

{DWZ: 2470(IM) - 2109(geb.1994)} 1. e4 c5 2. Nf3 e6 3. d4 cxd4 4. Nxd4 a6 5.
Bd3 Nf6 6. O-O d6 7. c4 g6 8. Nc3 Bg7 9. Nf3 Nc6 10. h3 Qc7 11. Bf4 Nd7 12. Rc1
O-O 13. Be2 Nde5 14. Qd2 Nxf3+ 15. Bxf3 Ne5 16. Be2 Rd8 17. Bg5 f6 18. Be3 Nxc4
19. Bxc4 Qxc4 20. Bb6 Rd7 21. Nd5 Qb5 22. a4 Qxa4 23. Nc7 Rxc7 24. Rxc7 Qe8 25.
Qxd6 Bf8 26. Qf4 Bg7 27. e5 f5 28. Rd1 h6 29. Rd8 1-0

[Event "Vellmar Int 4th op  A"]
[Site "Vellmar"]
[Date "2012.07.28"]
[Round "4.4"]
[White "Schulz, Karsten"]
[Black "Aslan, Benjamin"]
[Result "1/2-1/2"]
[WhiteElo "2342"]
[BlackElo "2156"]
[PlyCount "84"]
[EventDate "2012.07.26"]
[EventType "swiss"]
[EventRounds "7"]
[EventCountry "GER"]

{DWZ: 2292(FM) - 2238} 1. c4 Nf6 2. g3 c6 3. Bg2 d5 4. Nf3 Bg4 5. Ne5 Be6 6.
cxd5 Bxd5 7. Nf3 c5 8. O-O e6 9. Nc3 Bc6 10. d3 Be7 11. e4 O-O 12. Qe2 b5 13.
d4 b4 14. e5 bxc3 15. exf6 Bxf6 16. bxc3 cxd4 17. cxd4 Nd7 18. Ba3 Re8 19. Rac1
{(=)} Bd5 20. Rfd1 Qa5 21. Bd6 Rac8 22. a3 Nb6 23. Bc5 Qa4 24. Ne5 Bxg2 25.
Kxg2 Red8 26. Nf3 Nd5 27. Rc4 Qb5 28. Qc2 Nb6 29. Rb4 Qc6 30. Qb3 Nd5 31. Rb7
Nc3 32. Rd3 Ne2 33. Qb5 Qxb5 34. Rxb5 e5 35. Rd2 Nxd4 36. Nxd4 exd4 37. Bxa7 d3
38. Rb3 Rc3 39. Rxc3 Bxc3 40. Rd1 d2 41. Kf3 Re8 42. Be3 Ra8 1/2-1/2

[Event "Vellmar Int 4th op  A"]
[Site "Vellmar"]
[Date "2012.07.28"]
[Round "4.5"]
[White "Rother, Moritz"]
[Black "Plueg, Andreas"]
[Result "1-0"]
[WhiteElo "2126"]
[BlackElo "2303"]
[PlyCount "113"]
[EventDate "2012.07.26"]
[EventType "swiss"]
[EventRounds "7"]
[EventCountry "GER"]

{DWZ: 2015 - 2257(FM)} 1. Nf3 d5 2. c4 dxc4 3. Qa4+ Nd7 4. Qxc4 e5 5. g3 Bd6 6.
Bg2 Ngf6 7. d3 O-O 8. O-O c6 9. Qc2 Re8 10. Nc3 h6 11. Bd2 Nb6 12. Rab1 Nbd5
13. a3 a5 14. Rfc1 Bg4 15. Ne4 Nxe4 16. dxe4 Nc7 17. Be3 Qe7 18. Nh4 g6 19. h3
Be6 20. Bxh6 Nb5 21. Qd2 Nd4 22. Re1 Ba2 23. Rbd1 Bb3 24. Rc1 a4 25. Bg5 Qc7
26. Nf3 Be7 27. Bxe7 Qxe7 28. Nxd4 Rad8 29. Nxb3 Rxd2 30. Nxd2 Qe6 31. Rc2 Rd8
32. Nc4 Rd4 33. Rec1 b5 34. Ne3 Qb3 {(=)} 35. g4 Rd6 36. g5 Kf8 37. Bf3 Ke7 38.
Kg2 f6 39. h4 fxg5 40. hxg5 Kd7 41. Bg4+ Kc7 42. Nd5+ Kb7 43. Nb4 Qf7 44. Rxc6
Rxc6 45. Rxc6 Qf4 46. f3 Qxg5 47. Rc2 Qe3 48. Nd3 Qd4 49. Rc5 Kb6 50. Rxe5 Qe3
51. Kf1 g5 52. Bd7 Kc7 53. Bg4 Kb6 54. Rc5 Ka6 55. e5 Kb6 56. e6 Ka6 57. Re5
1-0

[Event "Vellmar Int 4th op  A"]
[Site "Vellmar"]
[Date "2012.07.28"]
[Round "4.6"]
[White "Laubsch, Bernd"]
[Black "Galkin, Wladislaw"]
[Result "1-0"]
[WhiteElo "2302"]
[BlackElo "2101"]
[PlyCount "95"]
[EventDate "2012.07.26"]
[EventType "swiss"]
[EventRounds "7"]
[EventCountry "GER"]

{DWZ:  2261(FM) - 2090(geb.1996)} 1. e4 e5 2. Nf3 Nc6 3. d4 exd4 4. Nxd4 Nf6 5.
Nxc6 bxc6 6. e5 Qe7 7. Qe2 Nd5 8. c4 Nb6 9. Nc3 g6 10. f4 Bg7 11. Bd2 O-O 12.
O-O-O a5 13. Qf2 Ba6 14. c5 Nc4 15. Qd4 Qe6 16. Bxc4 Bxc4 17. b3 Bb5 18. Be1
Rfd8 19. Bh4 Rdb8 20. Qxd7 a4 21. Qxe6 fxe6 22. b4 Bc4 23. a3 Bd5 24. Rhg1 Rf8
25. Rd4 Bh6 26. g3 g5 27. Bxg5 Bxg5 28. fxg5 Rf3 29. Kc2 Bb3+ 30. Kd2 Rf2+ 31.
Ke3 Rxh2 32. Rd7 Bd5 33. Rf1 Rb2 34. Rff7 Rb3 35. Rg7+ Kf8 36. Rxh7 Kg8 37. Kd4
Rxa3 38. Rxc7 Rb3 39. Nxd5 cxd5 40. c6 Rxb4+ 41. Kc5 Rb1 42. Rhg7+ Kh8 43. Rh7+
Kg8 44. Rcg7+ Kf8 45. Rh8+ Kxg7 46. Rxa8 Rc1+ 47. Kd6 d4 48. Rxa4 1-0